000 00373nam a22001577a 4500
003 OSt
008 230223b |||||||| |||| 00| 0 eng d
041 _amal
082 _a894.812 4
_bRAJ/PO
100 _aRajeev puliyoor
_95392
245 _aPonnarival ambiliyil
250 _I1st
260 _aThiruvananthapuram
_CChintha Publishers
_c2023
300 _a319
942 _cBK
999 _c17637
_d17637